<?xml version="1.0" encoding="UTF-8"?>
<record
    xmlns:xsi="http://www.w3.org/2001/XMLSchema-instance"
    xsi:schemaLocation="http://www.loc.gov/MARC21/slim http://www.loc.gov/standards/marcxml/schema/MARC21slim.xsd"
    xmlns="http://www.loc.gov/MARC21/slim">

  <leader>01969cam a2200301   4500500</leader>
  <controlfield tag="005">20260329021454.0</controlfield>
  <datafield tag="041" ind1=" " ind2=" ">
    <subfield code="a">fre</subfield>
  </datafield>
  <datafield tag="042" ind1=" " ind2=" ">
    <subfield code="a">dc</subfield>
  </datafield>
  <datafield tag="100" ind1="1" ind2="0">
    <subfield code="a">Ribeiro Meirelles, Elisa</subfield>
    <subfield code="e">author</subfield>
  </datafield>
  <datafield tag="700" ind1="1" ind2="0">
    <subfield code="a">Haza-Pery, Marion</subfield>
    <subfield code="e">author</subfield>
  </datafield>
  <datafield tag="245" ind1="0" ind2="0">
    <subfield code="a">Une m&#xE9;diation mixte &#xAB;&#xA0;jeu vid&#xE9;o et &#xE9;criture&#xA0;&#xBB;&#xA0;: entre narrativit&#xE9; et symbolisation</subfield>
  </datafield>
  <datafield tag="260" ind1=" " ind2=" ">
    <subfield code="c">2025.
							</subfield>
  </datafield>
  <datafield tag="500" ind1=" " ind2=" ">
    <subfield code="a">26</subfield>
  </datafield>
  <datafield tag="520" ind1=" " ind2=" ">
    <subfield code="a">Nous analysons les processus impliqu&#xE9;s dans une m&#xE9;diation psychoth&#xE9;rapeutique mixte &#xAB;&#xA0;jeu vid&#xE9;o et &#xE9;criture&#xA0;&#xBB;, mise en place aupr&#xE8;s de groupes d&#x2019;adolescents pris en charge par les services de la protection de l&#x2019;enfance. En nous appuyant sur la compl&#xE9;mentarit&#xE9; entre ces deux objets m&#xE9;diateurs, nous montrons comment les diff&#xE9;rents temps des s&#xE9;ances alternent entre narration et symbolisation, dimensions essentielles de la vie psychique pour des jeunes dont l&#x2019;histoire familiale est souvent marqu&#xE9;e par l&#x2019;instabilit&#xE9;.</subfield>
  </datafield>
  <datafield tag="520" ind1=" " ind2=" ">
    <subfield code="a">We analyse the processes involved in mixed psychotherapeutic mediation combining video games and writing, conducted with groups of adolescents in child protection. By relying on the complementarity between these two mediating objects, we highlight how the different phases of the sessions alternate in connecting narration and symbolisation, two essential aspects of psychological life, especially for young people whose family history is often unstable.</subfield>
  </datafield>
  <datafield tag="690" ind1=" " ind2=" ">
    <subfield code="a">adolescence</subfield>
  </datafield>
  <datafield tag="690" ind1=" " ind2=" ">
    <subfield code="a">&#xE9;criture</subfield>
  </datafield>
  <datafield tag="690" ind1=" " ind2=" ">
    <subfield code="a">jeux vid&#xE9;o</subfield>
  </datafield>
  <datafield tag="690" ind1=" " ind2=" ">
    <subfield code="a">m&#xE9;diation th&#xE9;rapeutique</subfield>
  </datafield>
  <datafield tag="690" ind1=" " ind2=" ">
    <subfield code="a">protection de l&#x2019;enfance</subfield>
  </datafield>
  <datafield tag="690" ind1=" " ind2=" ">
    <subfield code="a">adolescence</subfield>
  </datafield>
  <datafield tag="690" ind1=" " ind2=" ">
    <subfield code="a">child protection</subfield>
  </datafield>
  <datafield tag="690" ind1=" " ind2=" ">
    <subfield code="a">therapeutic mediation</subfield>
  </datafield>
  <datafield tag="690" ind1=" " ind2=" ">
    <subfield code="a">video games</subfield>
  </datafield>
  <datafield tag="690" ind1=" " ind2=" ">
    <subfield code="a">writing</subfield>
  </datafield>
  <datafield tag="786" ind1="0" ind2=" ">
    <subfield code="n">Nouvelle Revue de l'Enfance et de l'Adolescence | 12 | 2 | 2025-12-16 | p. 139-150 | 2644-9633</subfield>
  </datafield>
  <datafield tag="856" ind1="4" ind2="1">
    <subfield code="u">https://shs.cairn.info/revue-nouvelle-revue-de-lenfance-et-de-ladolescence-2025-2-page-139?lang=fr&amp;redirect-ssocas=7080</subfield>
  </datafield>
  <datafield tag="999" ind1=" " ind2=" ">
    <subfield code="c">1912828</subfield>
    <subfield code="d">1912828</subfield>
  </datafield>
</record>
